Statistiques concernant Mots cachés n°14

Cliquez ici pour prendre le quiz!

Statistiques générales

  • Ce quiz a été pris 112 fois
  • Le résultat moyen est 24 sur 25

Statistiques - réponses

QuestionTuileSelect% Correct
port, fils, bois et riz.ANon
100%
port, fils, bois et riz.GNon
100%
port, fils, bois et riz.NNon
100%
port, fils, bois et riz.ONon
100%
port, fils, bois et riz.UNon
100%
port, fils, bois et riz.ENon
99%
port, fils, bois et riz.IOui
99%
port, fils, bois et riz.BOui
98%
port, fils, bois et riz.POui
98%
port, fils, bois et riz.SNon
98%
port, fils, bois et riz.TOui
98%
port, fils, bois et riz.FOui
97%
port, fils, bois et riz.ZNon
97%
port, fils, bois et riz.LNon
96%
port, fils, bois et riz.SOui
96%
port, fils, bois et riz.ONon
95%
port, fils, bois et riz.RNon
95%
port, fils, bois et riz.OOui
94%
port, fils, bois et riz.ONon
94%
port, fils, bois et riz.ZOui
94%
port, fils, bois et riz.LOui
93%
port, fils, bois et riz.ROui
93%
port, fils, bois et riz.ROui
93%
port, fils, bois et riz.OOui
92%
port, fils, bois et riz.SOui
92%

Distribution des résultats

Percentile par nombre de réponses

% des personnes avec chaque résultat

Votre développement - résultats

Vous n’avez pas pris ce quiz